000 00726nam a22002297a 4500
005 20251108173428.0
008 250721s2004 xx 000 0 ara d
020 _a9953370486
082 1 4 _aط/ق/فقي
100 1 _aفقيه، شادي
245 1 0 _aالظبية الوفية /
264 1 _aبيروت :
_bاكاديميا انترناشيونال،
_c2004.
300 _a(23)ص
490 0 _aأروع قصص الحيوان في الحديث النبوي
650 1 7 _aالقصص القصيرة
650 1 7 _aالحيوانات
650 1 7 _aالحديث الشريف
653 _aمرحلة متوسطة (6-9)سنوات
700 1 _aميران، فؤاد
_eDraft.
942 _2ddc
_cBK
999 _c103685
_d103685